<?xml version="1.0" encoding="UTF-8"?><collection xmlns="info:lc/xmlns/marcxchange-v2"><record format="Unimarc" type="bibliographic"><leader>00832nam  2200229   450 </leader><controlfield tag="001">2381434</controlfield><controlfield tag="003">http://id.bnportugal.gov.pt/bib/porbase/2381434</controlfield><datafield ind1=" " ind2=" " tag="010"><subfield code="a">978-0-521-85688-1</subfield><subfield code="b">encadernado</subfield><subfield code="d">oferta</subfield></datafield><datafield ind1=" " ind2=" " tag="035"><subfield code="a">unlcsh008_bc.iso/09-09-2011/64500</subfield></datafield><datafield ind1=" " ind2=" " tag="035"><subfield code="a">UNLCSH20090317112612</subfield></datafield><datafield ind1=" " ind2=" " tag="100"><subfield code="a">20090317d2007    k  y0porb0103    ba</subfield></datafield><datafield ind1="0" ind2=" " tag="101"><subfield code="a">eng</subfield></datafield><datafield ind1=" " ind2=" " tag="102"><subfield code="a">GB</subfield></datafield><datafield ind1="1" ind2=" " tag="200"><subfield code="a">&lt;The &gt;Puccini problem</subfield><subfield code="e">opera, nationalism and modernity</subfield><subfield code="f">Alexandra Wilson</subfield></datafield><datafield ind1=" " ind2=" " tag="205"><subfield code="a">1st ed</subfield></datafield><datafield ind1=" " ind2=" " tag="210"><subfield code="a">Cambridge</subfield><subfield code="c">Cambridge University Press</subfield><subfield code="d">2007</subfield></datafield><datafield ind1=" " ind2=" " tag="215"><subfield code="a">xii, 321 p.</subfield><subfield code="c">il.</subfield><subfield code="d">24 cm</subfield></datafield><datafield ind1="2" ind2=" " tag="225"><subfield code="a">Cambridge studies in opera)</subfield><subfield code="f">series editor Arthur Groos</subfield></datafield><datafield ind1=" " ind2=" " tag="300"><subfield code="a">Contém Apêndices 1 e 2, notas, bibliografia e índice</subfield></datafield><datafield ind1=" " ind2=" " tag="675"><subfield code="a">782 PUCCINI, Giacomo</subfield><subfield code="v">BN</subfield><subfield code="z">por</subfield></datafield><datafield ind1=" " ind2=" " tag="675"><subfield code="a">782(450)"18/19"</subfield><subfield code="v">BN</subfield><subfield code="z">por</subfield></datafield><datafield ind1=" " ind2="1" tag="700"><subfield code="a">Wilson</subfield><subfield code="b">Alexandra</subfield><subfield code="f">1973-</subfield></datafield><datafield ind1=" " ind2="0" tag="801"><subfield code="a">PT</subfield><subfield code="b">UNLCSH</subfield><subfield code="g">RPC</subfield></datafield></record></collection>